Statistics for States with a Tundra Climate

Click here to take the quiz!

General Stats

  • This quiz has been taken 58 times
    (44 since last reset)
  • The average score is 15 of 17

Answer Stats

Lowest elevation of
the Tree Line (ft)
Answer% Correct
0Alaska
100%
9500California
97%
6000Montana
94%
4900Washington
94%
11,600Arizona
91%
9500Nevada
91%
11,200New Mexico
91%
4000New York
91%
5700Oregon
91%
5800Idaho
89%
9800Wyoming
89%
11,000Colorado
86%
9800Hawaii
86%
3800Maine
86%
9500Utah
83%
3800Vermont
83%
4400New Hampshire
80%

Score Distribution

Percentile by Number Answered

Percent of People with Each Score

Your Score History

You have not taken this quiz since the last reset